000
00231 a2200097 4500
001
45916
100
_a
Czarnomski F
245
_a
The wisdom of Winston Churchill
260
_a
London
_b
George Allen unwin
_c
090
_c
29026
_d
29026
942
_a
NUST-CAE
_c
M
_c
21143
999
_c
280989
_d
280989